แสดงรายละเอียดบรรณานุกรม
  กลับหน้าหลัก

Brief Record : Get Marc (ISO 2709) : E-mail record : QR code ปิดหน้าต่าง
E-books : เกี่ยวกับ Collections
LEADER 00000nam 2200000uu 4500
001    211310
003     ULIBM
008    020711s2558 th a 000 0 tha d
020    9786165519663
041    ^atha
060  4 WI141 ค152 2558
245    ครบ ชัด ลึก เรื่องมะเร็งระบบทางเดินอาหาร/^cสาขาวิชาโรคระบบทางเดินอาหาร ภาควิชาอายุรศาสตร์ คณะแพทยศาสตร์ จุฬาลงกรณ์มหาวิทยาลัยและหน่วยทางเดินอาหาร โรงพยาบาลจุฬาลงกรณ์ สภากาชาดไทย
250    พิมพ์ครั้งที่ 1
260    กรุงเทพ :^bภาควิชาอายุรศาสตร์ คณะแพทยศาสตร์ จุฬาลงกรณ์มหาวิทยาลัยฯ,^c2558
300    144 หน้า :^bภาพประกอบ ;^c21 ซม.
650  4 กระพาะอาหารและลำไส้,ระบบ^xมะเร็ง
650  4 ^aมะเร็ง^xการรักษา
710 2  ^aจุฬาลงกรณ์มหาวิทยาลัย. คณะแพทยศาสตร์. ภาควิชาอายุรศาสตร์. สาขาวิชาโรคระบบทางเดินอาหาร
710 2  ^aสภากาชาดไทย. โรงพยาบาลจุฬาลงกรณ์. หน่วยทางเดินอาหาร
999    ^aใช้งานได้ทุกระบบ
รายการนี้ยังไม่มีแท็ก
คุณยังไม่ได้ล็อกอิน คุณสามารถมีกิจกรรมร่วมกับเว็บไซต์ได้ แต่ต้องล็อกอินก่อน ::
  ล็อกอิน
ลำดับที่ ประเภท เลขเรียก สถานที่ สถานะ
1. หนังสือทั่วไป
หนังสือทั่วไป
WI141 ค152 2558  
  
การพยาบาลผู้ใหญ่ On Shelf
  ขอยืม
Note:งบประมาณปี2559
2. หนังสือทั่วไป
หนังสือทั่วไป
WI141 ค152 2558 ฉ.2 
  
การพยาบาลผู้ใหญ่ On Shelf
  ขอยืม
Note:งบประมาณปี2559
3. หนังสือทั่วไป
หนังสือทั่วไป
WI141 ค152 2558 ฉ.3 
  
การพยาบาลผู้ใหญ่ ถูกยืม กำหนดส่งวันที่ 15 เมษายน 2569
  จอง
Note:งบประมาณปี2559
4. หนังสือทั่วไป
หนังสือทั่วไป
WI141 ค152 2558 ฉ.4 
  
การพยาบาลผู้ใหญ่ On Shelf
  ขอยืม
Note:งบประมาณปี2559
5. หนังสือทั่วไป
หนังสือทั่วไป
WI141 ค152 2558 ฉ.5 
  
การพยาบาลผู้ใหญ่ On Shelf
  ขอยืม
Note:งบประมาณปี2559
   [แสดง 5/5 รายการ]

รายการใกล้เคียง
    หัวเรื่อง [มะเร็ง การรักษา]

BibComment


ยังไม่เคยถูกคอมเมนท์

คอมเมนท์ทรัพยากรรายการนี้
  คอมเมนท์: ครบ ชัด ลึก เรื่อ..
Bib 211310

 
 
 

 Union Library Management : ULibM
Copyright 2026. All Rights Reserved.
скачать бесплатно без регистрации порно красивый секс HD Sex Hindi sex

xxx gou

xxxx

bfxxx

xxxwww

Секса Видео

xxxx

Секса Видео

detube

geilexxx

C99 Shell

worms shell

blod xxx video
Ebony Coed Rihanna Rimes Takes A Dick In Her Young Twat priyaa indian fuck anal and pusssy hardcore indian women xxx desi hardcore fucking part 1 bengalixxxcouple